|
|
|
|
| LEADER |
01383nam a2200313 i 4500 |
| 001 |
34585 |
| 003 |
BD-DhAAL |
| 005 |
20190416112224.0 |
| 008 |
190416t1974 ilua 000 1 eng d |
| 999 |
|
|
|c 40645
|d 40645
|
| 010 |
|
|
|a 74021884
|
| 020 |
|
|
|a 9780804006668
|
| 020 |
|
|
|a 0804006652 :
|c $15.00
|
| 020 |
|
|
|a 0804006660 (pbk.)
|
| 040 |
|
|
|a DLC
|c DLC
|d DLC
|d BD-DhAAL
|
| 050 |
0 |
0 |
|a PZ3.N617
|b Ci4
|a PS3527.I865
|
| 082 |
0 |
0 |
|a 813.52
|
| 100 |
1 |
|
|a Nin, Anaïs,
|d 1903-1977.
|9 31233
|
| 245 |
1 |
0 |
|a Cities of the interior /
|c Anaïs Nin ; introduction by Sharon Spencer.
|
| 260 |
|
|
|a Chicago :
|b Swallow Press,
|c c1974.
|
| 300 |
|
|
|a xx, 588 pages :
|b illustrations ;
|c 23 cm.
|
| 505 |
0 |
|
|a Ladders to fire.--Children of the albatross.--The four-chambered heart.--A spy in the house of love.--Seduction of the minotaur.
|
| 526 |
|
|
|a ENH
|
| 541 |
|
|
|a HYE Trade International
|e 34585, 34586
|
| 650 |
|
|
|a Women
|v Fiction
|9 31237
|
| 852 |
|
|
|a Ayesha Abed Library
|c General Stacks
|
| 942 |
|
|
|2 ddc
|c BK
|
| 952 |
|
|
|0 0
|1 0
|2 ddc
|4 0
|6 813_520000000000000_NIN
|7 0
|9 65331
|a BRACUL
|b BRACUL
|c GEN
|d 2019-03-25
|e HYE Trade International
|g 4188.00
|l 0
|o 813.52 NIN
|p 3010034585
|r 2019-03-25
|t 1
|v 4188.00
|w 2019-03-25
|y BK
|
| 952 |
|
|
|0 0
|1 0
|2 ddc
|4 0
|6 813_520000000000000_NIN
|7 0
|9 65332
|a BRACUL
|b BRACUL
|c GEN
|d 2019-03-25
|e HYE Trade International
|g 4188.00
|l 0
|o 813.52 NIN
|p 3010034586
|r 2019-03-25
|t 2
|v 4188.00
|w 2019-03-25
|y BK
|